000 01103cab a2200217 4500
001 ABS67519
008 040301n2004 000 0 eng u
035 _a(Sirsi) u125251
100 _aBaker, C.
245 _aCall for new housing to meet the demand
260 _c2004
490 _aAxis
_v58(6) January/February 2004, 13-15(3)
520 _aLooks at the reasons why the house building sector is failing to deliver the necessary number of affordable homes (a fact highlighted by "Securing our future housing needs: the interim report of the Barker review of housing supply" (J124697)) and suggests what needs to be done to ensure a homes-for-all approach. Provides nutshell information on the UK housing market, performance of the house building industry and the key policy problems. Table covers UK housing completions 1949-2002.
590 _aABS
650 _aHOUSE BUILDING INDUSTRY
650 _aBARKER REVIEW OF HOUSING SUPPLY: SECURING OUR FUTURE HOUSING NEEDS
650 _aAffordable housing
_96215
650 _aHOUSING COMPLETIONS
690 _aHOUSING-DEVELOPMENT
942 _n0
999 _c74181
_d74181